000 00546nam a2200241Ia 4500
003 OSt
005 20221005131829.0
006 a|||||r|||| 00| 0
007 ta
008 221004b |||||||| |||| 00| 0 mal d
024 _a52792
037 _cTextual
040 _aCRL
_cCRL
_bmal
041 _2mal
_amal
082 _a4, 32L3
100 _aMenon
245 0 _aSwale journalism
260 _c1973
300 _a306p.
_ccm.
650 _aJOURNALISM
942 _h4, 32L3
_cTEXL
_2cc
999 _c1061548
_d1061548